Star Wars - Rycerze Jedi - Statystyki

Ogólne statystyki
  • Ten quiz został rozwiązany 3 360 razy
  • Średni wynik to 8 z 62
Statystyki odpowiedzi
Jedi % Poprawnych
Yoda
92%
Obi-wan Kenobi
90%
Anakin Skywalker
87%
Luke Skywalker
78%
Mace Windu
73%
Kit Fisto
46%
Qui-gon Jinn
39%
Plo Koon
37%
Ki-Adi-Mundi
35%
Luminara
23%
Hrabia Dooku
20%
Aayla Secura
18%
Shaak Ti
18%
Yaddle
16%
Revan
11%
Eeth Koth
10%
Adi Gallia
7%
Ben Skywalker
7%
Coleman Trebor
6%
Even Piell
6%
Anakin Solo
5%
Barrissa Offee
5%
Depa Billaba
5%
Jocasta Nu
5%
Malak
5%
Mara Jade
5%
Oppo Rancisis
5%
Saesee Tiin
5%
Sifo-Dyas
5%
Yarael Poof
5%
Bastila
4%
Jacen Solo
4%
Jaina Solo
3%
Kyle Katarn
3%
Exar Kun
2%
Leia Organa Solo
2%
Quilan Vos
2%
Tionna Solusar
2%
Atris
1%
Corran Horn
1%
Dorak
1%
Jaden Korr
1%
Lowbacca
1%
Meetra Surik
1%
Vandar Tokare
1%
Vrook
1%
Alema Rar
0%
Dorsk 81
0%
Etain Tur-Mukan
0%
Jax Pavan
0%
Jorus C'Baoth
0%
Kam Solusar
0%
Kavar
0%
Kyp Duron
0%
Lonna Vash
0%
Nemo
0%
Streen
0%
Tenel Ka
0%
Tyvokka
0%
Ulic Quel-Droma
0%
Valin Horn
0%
Zez-Kai Ell
0%
Nie znaleziono quizów pasujących do podanych kryteriów
Rozkład punktacji
Procent ludzi z każdym wynikiem
Percentyl według liczby udzielonych odpowiedzi
Twoja historia wyników
Nie rozwiązałeś tego quizu